Normal view MARC view

Entry Topical Term

Number of records used in: 1

001 - CONTROL NUMBER

  • control field: 32682

003 - CONTROL NUMBER IDENTIFIER

  • control field: OSt

005 - DATE AND TIME OF LATEST TRANSACTION

  • control field: 20260702124541.0

008 - FIXED-LENGTH DATA ELEMENTS

  • fixed length control field: 260702|| aca||aabn | a|a d

040 ## - CATALOGING SOURCE

  • Original cataloging agency: OSt
  • Transcribing agency: OSt

150 ## - HEADING--TOPICAL TERM

  • Topical term or geographic name entry element: Empathy-Fiction

670 ## - SOURCE DATA FOUND

  • Source citation: Work cat.: (OSt)25954: Erskine Kathryn 32680, Mockingbird(mocking-burd), 2010

Powered by Koha